Catalog

Record Details

Catalog Search



Palackého osobnost a význam v národním probuzení : s výňatky ze spisů Palackého Cover Image Book Book

Palackého osobnost a význam v národním probuzení : s výňatky ze spisů Palackého J. L. Hromádka

Record details

  • Physical Description: 70 s.
  • Publisher: Praha Svaz národního obrození 1926

Available copies

  • 1 of 1 copy available at Common Catalog SPOK.

Holds

  • 0 current holds with 1 total copy.
Show Only Available Copies
Location Call Number / Copy Notes Barcode Shelving Location Status Due Date
ETS Library 943.7024 424470002416 Volný výběr Available -

LDR 00674nam a2 00217
00136259
003CZ-PrJAB
00520040308000000.0
008030506s1926 xr e |||| |cze
009cz
035 . ‡a(CONS)6854
035 . ‡aKPS3932
041 . ‡acze
08214. ‡a943.7024
100 . ‡75709 ‡aHromádka, Josef L.
245 . ‡aPalackého osobnost a význam v národním probuzení : ‡bs výňatky ze spisů Palackého ‡cJ. L. Hromádka
260 . ‡aPraha ‡bSvaz národního obrození ‡c1926
300 . ‡a70 s.
653 . ‡aPalackého osobnost a význam v národním probuzení
8524 . ‡bETS ‡bETS ‡cVolný výběr ‡j943.7024 ‡gA ‡p424470002416
910 . ‡aABG450
999 . ‡a6854 ‡bAUTOGEN ‡c6854 ‡tbiblio
905 . ‡uadmin
901 . ‡a36259 ‡b ‡c36259 ‡tbiblio ‡sets

Additional Resources